[Event "Sydney"]
[Site "Sydney"]
[Date "1989.??.??"]
[Round "4"]
[White "Solomon, Stephen J"]
[Black "Garbett, Paul Anthony"]
[Result "1-0"]
[WhiteElo "2370"]
[BlackElo "2230"]

1.e4 c5 2.Nf3 e6 3.d4 cxd4 4.Nxd4 a6 5.Nc3 Qc7 6.Be2 b5 7.a3 Bb7 8.O-O Nf6
9.Qd3 Nc6 10.Nxc6 Bxc6 11.f4 d6 12.f5 Qd7 13.Bg5 Be7 14.Rad1 Rd8 15.fxe6 Qxe6
16.Nd5 Bxd5 17.exd5 Qd7 18.Qd4 Ra8 19.Kh1 Qd8 20.Rd3 O-O 21.Qh4 Re8 22.Rh3 Kf8
23.Rhf3 Rc8 24.Bd3 Rc5 25.Bxh7 Rxd5 26.Be4  1-0

[Event "Szekszard op"]
[Site "Szekszard"]
[Date "1989.??.??"]
[Round "3"]
[White "Farkas, Gyula"]
[Black "Marosi, Csaba"]
[Result "1/2-1/2"]
[WhiteElo "2305"]
[BlackElo "2300"]

1.e4 c5 2.Nf3 e6 3.d4 cxd4 4.Nxd4 a6 5.Nc3 Qc7 6.g3 Nf6 7.Bg2 Nc6 8.O-O Be7
9.h3 O-O 10.Nde2 Rd8 11.Bf4 d6 12.g4 b5 13.Ng3 Bb7 14.g5 Nd7  1/2-1/2

[Event "Tapolca"]
[Site "Tapolca"]
[Date "1989.??.??"]
[Round "?"]
[White "Szalanczy, Emil"]
[Black "Nemeth, Zoltan"]
[Result "1-0"]
[WhiteElo "2400"]
[BlackElo "2355"]

1.e4 c5 2.Nf3 e6 3.d4 cxd4 4.Nxd4 a6 5.Nc3 Qc7 6.f4 b5 7.Bd3 Bb7 8.Bd2 Nc6
9.Nxc6 Bxc6 10.Qe2 Nf6 11.a3 d5 12.e5 Nd7 13.O-O g6 14.Rae1 Nc5 15.Be3 Nxd3
16.cxd3 b4 17.axb4 Bxb4 18.Bd4 h5 19.Qe3 Qb7 20.h3 Be7 21.Kh2 Bb5 22.Rc1 Kd7
23.Bc5 Rhc8 24.Bxe7 Kxe7 25.Qd4 Ke8 26.Rf3 Rc6 27.f5 gxf5 28.Rg3 Rd8 29.Ra1 Kd7
30.Qb4 Kc8 31.Ra5 Rb6 32.Qh4 d4 33.Ne2 Qc7 34.Qf6 Bc6 35.Nf4 Kb7 36.Rg7 Rd7
37.Rg8 Rxb2 38.Qh8 Ka7 39.Rc5 Qb7 40.Qxh5 Rb5 41.Rxb5 axb5 42.Qd1 Qc7 43.Qe1 f6
44.g3 Bb7 45.exf6 e5 46.Ng2 Kb6 47.Rg6 Rf7 48.Qf2 Qc6 49.g4 fxg4 50.hxg4 b4
51.g5 b3 52.Ne1 Qh1+ 53.Kg3 Qh5 54.Qf5 Rh7 55.Nf3 Bxf3 56.f7+ Ka7 57.Qd7+  1-0

[Event "Tarrassa"]
[Site "Tarrassa"]
[Date "1989.??.??"]
[Round "?"]
[White "Vehi Bach, Victor Manuel"]
[Black "Cramling, Pia"]
[Result "1-0"]
[WhiteElo "2360"]
[BlackElo "2480"]

1.e4 c5 2.Nf3 e6 3.Nc3 a6 4.d4 cxd4 5.Nxd4 Qc7 6.Be2 b5 7.O-O Bb7 8.Bf3 Nc6
9.Nxc6 dxc6 10.a4 b4 11.Nb1 Bd6 12.g3 h5 13.Nd2 O-O-O 14.Qe2 e5 15.Nc4 Bc5
16.Bxh5 Nf6 17.Bf3 Rh7 18.Bg5 Rdh8 19.h4 Nh5 20.Be3 Qe7 21.Rfd1 Kb8 22.Qd2 Bxe3
23.Nxe3 Bc8 24.Nf5 Bxf5 25.exf5 e4 26.Qe3 Nf6 27.Qb6+ Qb7 28.Rd8+ Rxd8 29.Qxd8+ Qc8
30.Qd6+ Ka8 31.Bg2 a5 32.Qe5 Qa6 33.Bxe4 Qb6 34.Bf3 Rh8 35.Qb5 Ka7 36.Qc4 Rd8
37.Re1 Nd5 38.Re5 f6  1-0

[Event "Tirnavia"]
[Site "Trnava"]
[Date "1989.??.??"]
[Round "?"]
[White "Balashov, Yuri S"]
[Black "Plachetka, Jan"]
[Result "1-0"]
[WhiteElo "2530"]
[BlackElo "2450"]

1.e4 c5 2.Nf3 e6 3.Nc3 a6 4.d4 cxd4 5.Nxd4 d6 6.f4 Qc7 7.Bd3 Nf6 8.Qf3 Nbd7
9.g4 Nc5 10.g5 Nfd7 11.h4 b5 12.a3 Bb7 13.Be3 O-O-O 14.Rc1 e5 15.Ndxb5 axb5
16.Nxb5 Qb8 17.b4 exf4 18.Qxf4 Ne5 19.bxc5 dxc5 20.Bf1 Nd7 21.Bh3 Qxf4 22.Bxf4 Re8
23.O-O Bc6 24.Rb1 Kd8 25.Na7 Ba4 26.Rfd1 Rxe4 27.Rb8+  1-0

[Event "Val Maubuee op"]
[Site "Val Maubuee"]
[Date "1989.??.??"]
[Round "?"]
[White "Dussol, Pierre"]
[Black "Prie, Eric"]
[Result "0-1"]
[WhiteElo "2250"]
[BlackElo "2335"]

1.d4 e6 2.Nf3 c5 3.e4 cxd4 4.Nxd4 a6 5.Nc3 Qc7 6.g3 Bb4 7.Ne2 Nf6 8.Bg2 Nc6
9.Bf4 d6 10.a3 Bxc3+ 11.Nxc3 e5 12.Bg5 Ne7 13.Bxf6 gxf6 14.O-O O-O 15.Qd2 Kg7
16.Rad1 Rd8 17.f4 Be6 18.f5 Bc4 19.Rf2 Rac8 20.g4 h6 21.h4 Ng8 22.Kh2 Qb6
23.Rf3 Qxb2 24.Rg3 Qb6 25.g5 hxg5 26.hxg5 Kf8 27.Rb1 Qd4 28.Qc1 b5 29.Rb4 Qf2
30.gxf6 Nxf6 31.Rxc4 Rxc4 32.Qg5 Rxc3 33.Rxc3 Qf4+ 34.Qxf4 exf4 35.Rc6 Kg7
36.Bf3 a5 37.Kg2 Re8 38.Rxd6 Nxe4 39.Rd4 Ng5 40.Rxf4 Nxf3 41.Kxf3 Rc8 42.a4 Rxc2
43.axb5 Rb2 44.Kg4 Rxb5 45.Kg5 f6+ 46.Kh5 Kf7 47.Rf3 a4 48.Kg4 Ra5 49.Ra3 Ke7
50.Kf4 Kd6 51.Kg4 Ke5 52.Re3+ Kd4 53.Re6 a3 54.Rxf6 a2 55.Rd6+ Ke5  0-1

[Event "Val Maubuee op"]
[Site "Val Maubuee"]
[Date "1989.??.??"]
[Round "?"]
[White "Dussol, Pierre"]
[Black "Lamoureux, Charles"]
[Result "0-1"]
[WhiteElo "2250"]
[BlackElo "2205"]

1.e4 c5 2.Nf3 e6 3.d4 cxd4 4.Nxd4 a6 5.Nc3 Qc7 6.g3 Nc6 7.Bg2 Nf6 8.Nde2 Be7
9.O-O O-O 10.a4 Rd8 11.Nf4 d6 12.g4 d5 13.exd5 e5 14.g5 exf4 15.gxf6 Bxf6
16.Qf3 Nd4 17.Qxf4 Be5 18.Qh4 Bf5 19.Re1 Bf6 20.Bg5 Bxg5 21.Qxd4 Bxc2 22.Re2 Bg6
23.Rd1 Bf4 24.h3 Bh5 25.f3 Rac8 26.Rde1 Bd6 27.Ne4 Be5 28.Qd2 f6 29.Rd1 Bf7
30.d6 Qb6+ 31.Qe3 Qxe3+ 32.Rxe3 f5 33.d7 Rc7 34.Nc3 Bxc3 35.Rxc3 Rxc3 36.bxc3 Be6
37.f4 Rxd7 38.Rxd7 Bxd7 39.Bxb7 a5 40.Bd5+ Kf8 41.Bb3 Ke7 42.Kf2 Kd6 43.Ke3 Kc5
44.Kd2 h6 45.h4 Bc8 46.Ke1 Bb7 47.Be6 Bc6 48.Bxf5 Bxa4 49.Kd2 Kc4 50.Bg6 Bd1
51.Kc1 Be2 52.Kc2 Kd5 53.Kd2 Bc4 54.Kc2 Ke6 55.Kb2 Kd5 56.Ka3 Bb5 57.Kb3 Kc5
58.Bf7 Bc4+  0-1

[Event "Val Maubuee op"]
[Site "Val Maubuee"]
[Date "1989.??.??"]
[Round "?"]
[White "Fruteau, Sabine"]
[Black "Bruneau, Laurent"]
[Result "1/2-1/2"]
[WhiteElo "2005"]
[BlackElo "1850"]

1.e4 c5 2.Nf3 e6 3.d4 cxd4 4.Nxd4 a6 5.Nc3 Qc7 6.Bd3 Nf6 7.O-O Bc5 8.Nb3 Ba7
9.Kh1 h5 10.Qf3 d6 11.Qg3 Nbd7 12.Bf4 h4 13.Qxg7 Rh7  1/2-1/2

[Event "Hoogovens-B"]
[Site "Wijk aan Zee"]
[Date "1989.??.??"]
[Round "?"]
[White "Campora, Daniel H"]
[Black "Bosboom, Manuel"]
[Result "1/2-1/2"]
[WhiteElo "2500"]
[BlackElo "2375"]

1.e4 c5 2.Nf3 e6 3.d4 cxd4 4.Nxd4 a6 5.Nc3 Qc7 6.g3 Nf6 7.Bg2 d6 8.O-O Be7
9.a4 Nc6 10.Re1 Rb8 11.Be3 O-O 12.h3 Re8 13.g4 g6 14.Nde2 b5 15.axb5 axb5
16.Nd4 Nxd4 17.Bxd4 e5 18.Ba7 Rb7 19.Be3 b4 20.Nd5 Nxd5 21.exd5 f5 22.Ra8 Bf6
23.gxf5 gxf5 24.Qh5 Qf7 25.Bf3 Rd8 26.Kh1 Qxh5 27.Bxh5 f4 28.Bd2 Bxh3 29.Rxd8+ Bxd8
30.Bxf4 Bf5 31.Bh6 Bxc2 32.Ra1 Bg6 33.Bxg6 hxg6 34.Ra8 Kh7 35.Rxd8 Kxh6 36.Rxd6 Kg5
37.Kg2 Kf5 38.Kf3 Rh7 39.Kg3 Rh1 40.Rb6 Rd1 41.Rxb4 Rxd5 42.Kf3 Rd3+ 43.Ke2 e4
44.Rb8 Kf4  1/2-1/2

[Event "JUG-chT"]
[Site "Zlatibor"]
[Date "1989.??.??"]
[Round "?"]
[White "Micic, Jordanka"]
[Black "Bojkovic, Natasa"]
[Result "0-1"]
[WhiteElo "2215"]
[BlackElo "2275"]

1.e4 c5 2.Nf3 e6 3.d4 cxd4 4.Nxd4 a6 5.Nc3 Qc7 6.Bd3 Nf6 7.f4 d6 8.Qf3 Nbd7
9.g4 Nc5 10.Bd2 b5 11.a3 Bb7 12.b4 Nxd3+ 13.cxd3 Be7 14.Rc1 Qd8 15.O-O O-O
16.Nce2 Rc8 17.Qg3 Re8 18.g5 Nd7 19.f5 Rxc1 20.Bxc1 exf5 21.Nxf5 Ne5 22.Be3 Bf8
23.h4 g6 24.Nh6+ Bxh6 25.gxh6 Nxd3 26.Bg5 Qb6+ 27.Be3 Qd8 28.Bg5 Qb6+ 29.Be3 Qc7
30.Bd4 Ne5 31.Qf4 Qe7 32.Nc3 Qe6 33.Kh2 Ng4+ 34.Kg3 Ne5 35.Ne2 Nd7 36.Kg2 Qxe4+
37.Qxe4 Rxe4 38.Kg3 Rxe2  0-1

[Event "Aarhus op"]
[Site "Aarhus"]
[Date "1990.??.??"]
[Round "3"]
[White "Topakian, Raffi"]
[Black "Panzalovic, Srdjan"]
[Result "0-1"]
[WhiteElo "2230"]
[BlackElo "2325"]

1.e4 c5 2.Nf3 e6 3.d4 cxd4 4.Nxd4 a6 5.Nc3 Qc7 6.g3 Nf6 7.Bg2 d6 8.O-O Be7
9.Be3 Nc6 10.Nxc6 bxc6 11.Na4 Rb8 12.c4 c5 13.Qe2 O-O 14.Nc3 Nd7 15.Rad1 Ne5
16.f4 Nc6 17.Kh1 Re8 18.Qf2 Bb7 19.g4 Ba8 20.g5 Bf8 21.b3 Rbd8 22.Qh4 g6
23.Rf3 Qe7 24.f5 Ne5 25.Rh3 h6 26.f6 Qc7 27.Ne2 d5 28.cxd5 exd5 29.exd5 c4
30.gxh6 Kh7 31.bxc4 Qxc4 32.Nf4 Qxa2 33.Rg3 Qa4 34.Rg1 Nd3 35.Rg4 Nxf4 36.Bxf4 Bxd5
37.Qg3 Bxg2+ 38.Qxg2 Rd1 39.Qb7 Kh8 40.Rxd1 Qxd1+ 41.Rg1 Qa4 42.Qf3 a5 43.h4 Qe4
44.Kg2 Qf5 45.Bg5 Qc2+ 46.Kh3 Bd6 47.Bf4 Qf5+ 48.Kg3 Bxf4+ 49.Qxf4 Qxf4+
50.Kxf4 Re6 51.Kg5 Re5+ 52.Kg4 Rf5 53.Rb1 Rxf6 54.h5 Kh7 55.Rb5 Rf5 56.hxg6+ fxg6
57.Rb7+ Kxh6 58.Rc7 Rb5 59.Ra7 Rb4+ 60.Kg3 a4 61.Ra5 Rc4 62.Kf3 Rb4 63.Kg3 g5
64.Ra8 Kh5 65.Rh8+ Kg6 66.Ra8 Kf5 67.Ra5+ Kg6 68.Ra8 Rc4 69.Ra7 Kf5 70.Ra5+ Ke4
71.Rxg5 Kd3 72.Kf3 a3 73.Ra5 Rc3 74.Ra8  0-1

[Event "FRA-ch"]
[Site "Angers"]
[Date "1990.??.??"]
[Round "14"]
[White "Vaisman, Volodia"]
[Black "Guyot, Philippe"]
[Result "1/2-1/2"]
[WhiteElo "2380"]
[BlackElo "2340"]

1.e4 c5 2.Nf3 e6 3.d4 cxd4 4.Nxd4 a6 5.Nc3 Qc7 6.g3 Nf6 7.Bg2 d6 8.O-O Be7
9.a4 O-O 10.a5 Nc6 11.Nb3 Ne5 12.f4 Nc4 13.g4 Nd7 14.Qe2 Re8 15.g5 Bf8 16.Kh1 Rb8
17.Rf3 g6 18.Rh3 Bg7 19.Qf2 b5 20.axb6 Qxb6 21.Qh4 Nf8 22.Ra4 Qc7 23.Rd3 Bb7
24.Qf2 Nd7  1/2-1/2

[Event "JUG-chT FL"]
[Site "Arandjelovac"]
[Date "1990.??.??"]
[Round "2"]
[White "Aleksic, Nenad"]
[Black "Kovacevic, Slobodan"]
[Result "1/2-1/2"]
[WhiteElo "2400"]
[BlackElo "2350"]

1.e4 c5 2.Nf3 e6 3.Nc3 a6 4.d4 cxd4 5.Nxd4 Qc7 6.g3 Nf6 7.Bg2 Nc6 8.O-O Nxd4
9.Qxd4 Bc5 10.Bf4 d6 11.Qd2 h6 12.Rad1 e5 13.Be3 Ke7 14.Bxc5 Qxc5 15.Na4 Qc7
16.f4 Rd8 17.Qb4 a5 18.Qa3 Ke8 19.c4 Ra6 20.b3 Bd7 21.Nc3 Bc6 22.h3 Raa8
23.Rd3 Rd7 24.Kh2 Rad8 25.Qb2 Re7 26.Qd2 exf4 27.Qxf4 Re5 28.Rfd1 Qe7 29.Rd4 Kf8
30.a3 Kg8 31.b4 axb4 32.axb4 b6 33.R1d2 Ne8 34.Rc2 Ra8 35.Nd5 Bxd5 36.cxd5  1/2-1/2

[Event "Bad Wildbad"]
[Site "Bad Wildbad"]
[Date "1990.??.??"]
[Round "10"]
[White "Marciano, David"]
[Black "Schlosser, Philipp"]
[Result "1/2-1/2"]
[WhiteElo "2325"]
[BlackElo "2455"]

1.e4 c5 2.Nf3 e6 3.d4 cxd4 4.Nxd4 a6 5.Nc3 d6 6.Be2 b5 7.f4 Bb7 8.Bf3 Nd7
9.Qe2 Rc8 10.O-O Nc5 11.Kh1 b4 12.Nd1 Nf6 13.Nf2 Be7 14.Bd2 Qb6 15.e5 dxe5
16.fxe5 Nfd7 17.Rad1 O-O 18.Ng4 a5 19.Bxb7 Qxb7 20.Rf4 Na4 21.Rdf1 Bg5 22.R4f3 Bxd2
23.Qxd2 Nxb2 24.Qg5 Kh8 25.Rxf7 Rxf7 26.Rxf7 Rg8 27.Nf3 Nc4 28.Qe7 Qe4 29.Qxe6 Nc5
30.Qe7 Qxg4 31.Qxc5 h6 32.Rf8 Rxf8 33.Qxf8+ Kh7 34.h3 Qe4 35.Qe7 Qxc2 36.e6 Ne3
37.Nh4 Qf2 38.Qd6 Qe1+ 39.Kh2 Nf1+ 40.Kg1 Nd2+ 41.Kh2 Ne4 42.Qf4 Ng5 43.Qf5+ Kg8
44.Qxa5 Qxh4 45.Qd8+ Kh7 46.e7 Qf4+ 47.Kh1 Qf1+  1/2-1/2

[Event "Baden-Baden op"]
[Site "Baden-Baden"]
[Date "1990.??.??"]
[Round "6"]
[White "Lau, Ralf"]
[Black "Bischoff, Klaus"]
[Result "1/2-1/2"]
[WhiteElo "2475"]
[BlackElo "2530"]

1.e4 c5 2.Nf3 e6 3.d4 cxd4 4.Nxd4 a6 5.Nc3 Qc7 6.f4 b5 7.Bd3 Bb7 8.Qe2 d6
9.O-O Nf6 10.Kh1 Nbd7 11.Nf3 b4 12.Nd1 Be7 13.e5 dxe5 14.fxe5 Nd5 15.Nf2 h6
16.Bd2 Rc8 17.Rae1 Nc5 18.Ne4 Nxd3 19.cxd3 O-O 20.Rc1 Qd7  1/2-1/2

[Event "Bern op"]
[Site "Bern"]
[Date "1990.??.??"]
[Round "5"]
[White "Watson, William N"]
[Black "Bosbach, Gerhard"]
[Result "1/2-1/2"]
[WhiteElo "2470"]
[BlackElo "2260"]

1.e4 c5 2.Nf3 e6 3.d4 cxd4 4.Nxd4 a6 5.Nc3 Qc7 6.Bd3 Nc6 7.Nxc6 dxc6 8.O-O e5
9.f4 Nf6 10.a4 Ng4 11.Qe1 exf4 12.Bxf4 Ne5 13.Qg3 f6 14.Rad1 Be6 15.Kh1 O-O-O
16.Be2 Bd6 17.Qf2 Qa5 18.Bd2 Bb4 19.Be3 Rxd1 20.Rxd1 Nd7 21.Qg3 g6 22.Bg4 Re8
23.Bxe6 Rxe6 24.Qg4 f5 25.exf5 Qxf5 26.Qxb4 Rxe3 27.h3 Qe6 28.Qh4 Qe7 29.Qf2 g5
30.Qd2 h5 31.a5 g4 32.Na4 Kc7 33.Qf2 gxh3 34.Nb6 hxg2+ 35.Kg1 Nxb6 36.axb6+ Kc8
37.Qf5+ Qe6 38.Qf8+ Qe8 39.Qf5+ Qe6 40.Qf8+ Qe8  1/2-1/2

[Event "Biel-B"]
[Site "Biel"]
[Date "1990.??.??"]
[Round "4"]
[White "Ioseliani, Nana"]
[Black "Cramling, Pia"]
[Result "1/2-1/2"]
[WhiteElo "2480"]
[BlackElo "2505"]

1.e4 c5 2.Nf3 e6 3.d4 cxd4 4.Nxd4 a6 5.Nc3 Qc7 6.Be2 b5 7.a3 Bb7 8.f4 Nc6
9.Nxc6 Qxc6 10.O-O Nf6 11.Bf3 h5 12.Qe2 Ng4 13.Kh1 Rc8 14.Bd2 Qc4 15.Rae1 Qd4
16.e5 Bxf3 17.Rxf3 Be7 18.Rd1 Qc4 19.Qxc4 Rxc4 20.h3 f6 21.exf6 Nxf6 22.f5 e5
23.Bg5 e4 24.Rf4 O-O 25.Bxf6 Bxf6 26.Rxe4 Bxc3  1/2-1/2

[Event "Biel op"]
[Site "Biel"]
[Date "1990.??.??"]
[Round "7"]
[White "Kindermann, Stefan"]
[Black "Gavrikov, Viktor"]
[Result "1/2-1/2"]
[WhiteElo "2530"]
[BlackElo "2580"]

1.e4 c5 2.Nc3 e6 3.Nf3 a6 4.d4 cxd4 5.Nxd4 b5 6.Bd3 d6 7.O-O Nf6 8.b4 Bb7
9.a4 bxa4 10.Rxa4 Be7 11.Qe2 O-O 12.Bd2 Nfd7 13.Nb3 Nc6 14.Na5 Nxa5 15.Rxa5 Qc8
16.f4 Bf6 17.e5 Bd8 18.Ra3 Qc7 19.exd6 Qxd6 20.Ne4 Qc6 21.c4  1/2-1/2

[Event "Bielsko Biala op"]
[Site "Bielsko Biala"]
[Date "1990.??.??"]
[Round "2"]
[White "Strzelecki, Krzysztof"]
[Black "Rakowiecki, Tomasz"]
[Result "0-1"]
[WhiteElo "2415"]
[BlackElo "2320"]

1.e4 c5 2.Nf3 e6 3.Nc3 a6 4.d4 cxd4 5.Nxd4 d6 6.Bd3 Nf6 7.O-O Nbd7 8.f4 Qb6
9.Be3 Qxb2 10.Ndb5 axb5 11.Nxb5 Ra5 12.Rb1 Rxb5 13.Bxb5 Qc3 14.Rb3 Qc7 15.Qd4 Be7
16.e5 dxe5 17.fxe5 Nd5 18.Bf2 O-O 19.c4 Nb4 20.Kh1 Nc6 21.Bxc6 Qxc6 22.Rh3 f5
23.exf6 Nxf6 24.Rh4 Rd8 25.Qf4 b6 26.Bd4 Bb7 27.Qf2 Bc5 28.Bxc5 Qxc5  0-1

[Event "Bielsko Biala op"]
[Site "Bielsko Biala"]
[Date "1990.??.??"]
[Round "4"]
[White "Skrobek, Ryszard"]
[Black "Rakowiecki, Tomasz"]
[Result "1-0"]
[WhiteElo "2405"]
[BlackElo "2320"]

1.e4 c5 2.Nf3 e6 3.d4 cxd4 4.Nxd4 a6 5.Nc3 d6 6.Bc4 Nf6 7.Bb3 Nc6 8.Be3 Na5
9.f4 Qc7 10.O-O b5 11.f5 e5 12.Nde2 Nxb3 13.cxb3 Bb7 14.Rc1 Qd8 15.Bg5 b4
16.Nd5 Bxd5 17.exd5 Qb6+ 18.Kh1 Ne4 19.Bh4 Be7 20.Qc2 Nc5 21.f6 gxf6 22.Bxf6 Bxf6
23.Rxf6 Ra7 24.Ng3 Rd7 25.Qf5 Rf8 26.Qxe5+ dxe5 27.Rxb6 Rxd5 28.Rb8+ Ke7
29.Nf5+ Kf6 30.Rxf8 Kxf5 31.Rxf7+  1-0

[Event "Bielsko Biala op"]
[Site "Bielsko Biala"]
[Date "1990.??.??"]
[Round "6"]
[White "Karniewski, Zbigniew"]
[Black "Rakowiecki, Tomasz"]
[Result "0-1"]
[WhiteElo "2255"]
[BlackElo "2320"]

1.e4 c5 2.Nf3 e6 3.d4 cxd4 4.Nxd4 a6 5.Nc3 Qc7 6.g3 Nf6 7.Bg2 Be7 8.O-O O-O
9.a4 Nc6 10.Nb3 d6 11.a5 Bd7 12.Kh1 Nb4 13.g4 d5 14.f3 dxe4 15.fxe4 Bc6 16.Bf4 e5
17.Be3 Qd7 18.Qxd7 Bxd7 19.g5 Ng4 20.Bb6 Bxg5 21.Nc5 Bc6 22.Nd5 Nxc2 23.Rab1 Nce3
24.Bf3 Nxf1 25.Rxf1 Ne3 26.Rg1 Bf4 27.Ne7+ Kh8 28.Nxc6 bxc6 29.Be2 f5 30.Bxa6 fxe4
31.Bb7 Nd5 32.Bxc6 Nxb6 33.axb6  0-1

[Event "Utasellato IM-A"]
[Site "Budapest"]
[Date "1990.??.??"]
[Round "1"]
[White "Gocheva, Rumiana B"]
[Black "Stajcic, Nikola"]
[Result "1-0"]
[WhiteElo "2210"]
[BlackElo "2290"]

1.e4 c5 2.Nf3 e6 3.d4 cxd4 4.Nxd4 a6 5.Nc3 Qc7 6.g3 Nf6 7.Bg2 Nc6 8.O-O d6
9.Re1 Be7 10.Nxc6 bxc6 11.e5 dxe5 12.Rxe5 O-O 13.Bf4 Bd6 14.Rxe6 Bxf4 15.Rxc6 Qb8
16.gxf4 Bg4 17.Qc1 Ra7 18.b3 Re8 19.Rxf6 gxf6 20.Nd5 Qd8 21.c4 Be6 22.Qe3 Rd7
23.Re1 Rf8 24.Nb4 a5 25.Nc6 Qc7 26.f5 Bxf5 27.Ne7+ Rxe7 28.Qxe7 Qb6 29.c5 Qb4
30.c6 Qc3 31.Qe3 Qc2 32.Qg3+ Kh8 33.Qd6 Kg7 34.Qg3+ Kh8 35.Qe3 Rg8 36.Kh1 Be6
37.Be4 Qb2 38.c7 Qe5 39.Rc1 Bd5 40.f3 Bxe4 41.fxe4 Qb2 42.Rg1 Rxg1+ 43.Qxg1 Qc2
44.Qg3 Qxe4+ 45.Kg1 Qd4+ 46.Kf1 Qd1+ 47.Kf2 Qd2+ 48.Kf3 Qd3+ 49.Kf4 Qd4+
50.Kf5 Qd5+ 51.Kxf6 Qe6+ 52.Kg5 Kg7 53.Qc3+ f6+ 54.Kf4 Qc8 55.Qc6 h5 56.h3 Kg6
57.Qc2+ Kg7 58.a3  1-0

[Event "Budapest"]
[Site "Budapest"]
[Date "1990.??.??"]
[Round "3"]
[White "Vratonjic, Slobodan"]
[Black "Avshalumov, Alex"]
[Result "0-1"]
[WhiteElo "2380"]
[BlackElo "2450"]

1.e4 c5 2.Nf3 e6 3.d4 cxd4 4.Nxd4 a6 5.Nc3 b5 6.Bd3 Bb7 7.O-O d6 8.a4 b4
9.Na2 Nf6 10.Qe1 d5 11.e5 Nfd7 12.Nxb4 Qb6 13.c3 Bxb4 14.a5 Qxd4 15.cxd4 Bxe1
16.Rxe1 Nc6 17.Ra4 Ndb8 18.Bd2 Kd7 19.f4 g6 20.Kf2 Rc8 21.g4 Na7 22.Bb4 Bc6
23.Raa1 Bb5 24.Bb1 Rc4 25.Bc3 Nbc6 26.Ke3 Ne7 27.Rg1 Rac8 28.Ra3 Rh8 29.Rg3 h5
30.Rh3 Rcc8 31.g5 Bf1 32.Rf3 Bg2 33.Rf2 Be4 34.Bxe4 dxe4 35.Kxe4 Nb5 36.Rb3 Rc4
37.Rd2 Rhc8 38.Bb4 Nd5 39.Bc5 R8xc5  0-1

[Event "Spring op"]
[Site "Budapest"]
[Date "1990.??.??"]
[Round "7"]
[White "Izsak, Gyula"]
[Black "Ionescu, Constantin"]
[Result "0-1"]
[WhiteElo "2210"]
[BlackElo "2455"]

1.e4 c5 2.Nf3 e6 3.Nc3 a6 4.d4 cxd4 5.Nxd4 b5 6.Be2 Bb7 7.Bf3 Nc6 8.Nxc6 Bxc6
9.O-O Qb8 10.Re1 Bd6 11.h3 Ne7 12.Bg5 Ng6 13.Ne2 O-O 14.Nd4 Bb7 15.Bh5 Bh2+
16.Kh1 Be5 17.c3 d5 18.Bf3 h6 19.Bd2 Rd8 20.exd5 Bxd4 21.cxd4 Bxd5 22.Be3 Qb7
23.Bxd5 Qxd5 24.Qe2 Rac8 25.a4 Nh4 26.Rg1 Rc4 27.axb5 axb5 28.Ra7 Rdc8 29.Qg4 Nf5
30.Re1 Rc2 31.Re2 b4 32.Rxc2 Rxc2 33.Qf4 Rxb2 34.Qb8+ Kh7 35.Qf4 Nxe3 36.Qxe3 Qf5
37.Rb7 Rxf2 38.Rxb4 Ra2 39.Qg1 Qe4 40.Qb1 Rc2 41.Qg1 Qf5 42.Ra4 Rc3 43.Kh2 Qf4+
44.Kh1 Rc1  0-1

[Event "Buenos Aires op"]
[Site "Buenos Aires"]
[Date "1990.??.??"]
[Round "6"]
[White "Bronstein, Luis"]
[Black "Giardelli, Sergio C"]
[Result "1/2-1/2"]
[WhiteElo "2390"]
[BlackElo "2450"]

1.e4 c5 2.Nf3 e6 3.Nc3 a6 4.d4 cxd4 5.Nxd4 Qc7 6.g3 Nc6 7.Bg2 d6 8.O-O Bd7
9.Nxc6 Bxc6 10.a4 Nf6 11.Be3 Be7 12.a5 Nd7 13.Na4 Bxa4 14.Rxa4 O-O 15.c3 b5
16.axb6 Nxb6 17.Ra2 Nc4 18.Bc1 a5 19.b3 Ne5 20.Bd2 Rfb8 21.Qc2 Bf6 22.h3 Ra6
23.Ra4  1/2-1/2

[Event "Buenos Aires"]
[Site "Buenos Aires"]
[Date "1990.??.??"]
[Round "7"]
[White "Van Riemsdijk, Herman C"]
[Black "Smyslov, Vassily"]
[Result "1/2-1/2"]
[WhiteElo "2400"]
[BlackElo "2570"]

1.e4 c5 2.Nf3 e6 3.d4 cxd4 4.Nxd4 a6 5.Nc3 Qc7 6.g3 Bb4 7.Ne2 Nf6 8.Bg2 d6
9.Bf4 e5 10.Bg5 Nbd7 11.O-O h6 12.Bd2 Bc5 13.Na4 Ba7 14.Bb4 Nc5 15.Bxc5 dxc5
16.c4 Be6 17.b3 Rd8 18.Qc2 O-O 19.Nac3 Qa5 20.Nd5 Nxd5 21.exd5 Bc8 22.f4 exf4
23.Nxf4 Bb8 24.Rae1 Rde8 25.Ne6 Bxe6 26.dxe6 Rxe6 27.Rxe6 fxe6 28.Qg6 Rxf1+
29.Kxf1 Qd8 30.Qxe6+ Kf8 31.Bxb7 a5 32.Kg2 Qd2+ 33.Kh3 Qd6 34.Qf5+ Ke7 35.Bc8 g6
36.Qe4+ Kf6 37.Qf3+ Kg7 38.Bb7 Qd7+ 39.Kg2 Qd2+ 40.Qf2  1/2-1/2

[Event "Buenos Aires"]
[Site "Buenos Aires"]
[Date "1990.??.??"]
[Round "11"]
[White "Gomez Baillo, Jorge H"]
[Black "Smyslov, Vassily"]
[Result "1/2-1/2"]
[WhiteElo "2430"]
[BlackElo "2570"]

1.e4 c5 2.Nf3 e6 3.d4 cxd4 4.Nxd4 a6 5.Nc3 Qc7 6.Be2 Nf6 7.O-O Bb4 8.Kh1 Nc6
9.Nxc6 bxc6 10.f4 d5 11.e5 Bxc3 12.bxc3 Ne4 13.Bd3 c5 14.c4 Bb7 15.Qe1 O-O
16.Rb1 f5 17.exf6 Rxf6 18.Bxe4 dxe4 19.Be3 Raf8 20.Qe2 Ba8 21.Rfd1 e5 22.fxe5 Qxe5
23.Rf1  1/2-1/2

[Event "Buenos Aires"]
[Site "Buenos Aires"]
[Date "1990.??.??"]
[Round "12"]
[White "Campora, Daniel H"]
[Black "Quinteros, Miguel A"]
[Result "0-1"]
[WhiteElo "2520"]
[BlackElo "2500"]

1.e4 c5 2.Nf3 e6 3.d4 cxd4 4.Nxd4 a6 5.Nc3 Qc7 6.g3 Bb4 7.Ne2 Nf6 8.Bg2 Nc6
9.O-O Be7 10.h3 O-O 11.g4 b5 12.Ng3 b4 13.Na4 d5 14.Be3 Rb8 15.Rc1 dxe4 16.Nxe4 Nd5
17.c3 Nxe3 18.fxe3 Qe5 19.Qe2 bxc3 20.Nexc3 Bb7 21.a3 Bg5 22.Rfe1 Ne7 23.Bxb7 Rxb7
24.Qf3 Rb3 25.Rc2 f5 26.Rg2 fxg4 27.Qxg4 Bxe3+ 28.Kh1 Nf5 29.Nd1 h5 30.Qc4 Ng3+
31.Kh2 Bg1+  0-1

[Event "Cannes op"]
[Site "Cannes"]
[Date "1990.??.??"]
[Round "1"]
[White "Coste, Thierry"]
[Black "Plachetka, Jan"]
[Result "0-1"]
[WhiteElo "2230"]
[BlackElo "2425"]

1.e4 c5 2.Nf3 e6 3.Nc3 a6 4.d4 cxd4 5.Nxd4 d6 6.Bc4 Nf6 7.Bb3 Nbd7 8.Qe2 Nc5
9.f3 Qc7 10.Be3 b5 11.a4 b4 12.Nd1 e5 13.Nf5 g6 14.Ng3 Nxb3 15.cxb3 Be6 16.Rc1 Qb7
17.Qd3 Be7 18.O-O O-O 19.Bh6 Rfc8 20.Ne3 d5 21.exd5 Nxd5 22.Nc4 Nf4 23.Qe4 Qxe4
24.fxe4 Bc5+ 25.Kh1 Nd3 26.Rc2 Bd4 27.Ne2 Nf2+ 28.Kg1 Nxe4+ 29.Nxd4 exd4
30.Re2 Bxc4 31.bxc4 f5 32.g4 d3  0-1

[Event "Cannes op"]
[Site "Cannes"]
[Date "1990.??.??"]
[Round "3"]
[White "Pira, Davoud"]
[Black "Avshalumov, Alex"]
[Result "0-1"]
[WhiteElo "2345"]
[BlackElo "2450"]

1.e4 c5 2.Nf3 e6 3.d4 cxd4 4.Nxd4 a6 5.Nc3 b5 6.Bd3 Bb7 7.O-O Nc6 8.Nxc6 Bxc6
9.Qe2 Nf6 10.Bg5 Be7 11.Bxf6 Bxf6 12.e5 Be7 13.f4 g6 14.Ne4 O-O 15.Rad1 f5
16.exf6 Bxf6 17.Nxf6+ Rxf6 18.Be4 Qb6+ 19.Kh1 Raf8 20.Bxc6 Qxc6 21.Qd2 d5
22.Rf3 Qc4 23.b3 Qc5 24.c3 a5 25.h4 b4 26.cxb4 axb4 27.Qd4 Qxd4 28.Rxd4 Rb8
29.Re3 Rb6 30.Re2 Rf7 31.Rc2 Kg7 32.Kg1 h5 33.Kh2 Kf6 34.Kg3 Ra7 35.Kf3 Ke7
36.g4 Kd6 37.gxh5 gxh5 38.Ke3 Rg7 39.Kf3 Rg4 40.Rh2 Rb7 41.Re2 Kc5 42.Rd1 Rf7
43.Rc2+ Kd6 44.Rd4 e5 45.Rxb4 e4+ 46.Ke3 Rfxf4 47.Rb8 Rf3+ 48.Kd2 Rf2+ 49.Kc1 Rxc2+
50.Kxc2 Rg2+ 51.Kc3 Rxa2 52.Rh8 Rh2 53.Rh6+ Kc5 54.Rxh5 Rh3+ 55.Kc2 Kd4 56.b4 Rh2+
57.Kb3 e3 58.Rh8 e2 59.Re8 Rh3+  0-1

[Event "Cannes op"]
[Site "Cannes"]
[Date "1990.??.??"]
[Round "7"]
[White "Delanoy, Arnaud"]
[Black "Mrdja, Milan"]
[Result "1-0"]
[WhiteElo "2315"]
[BlackElo "2395"]

1.e4 c5 2.Nc3 e6 3.Nf3 a6 4.d4 cxd4 5.Nxd4 Qc7 6.Be2 b5 7.O-O Bb7 8.Re1 d6
9.Bg5 Nd7 10.Bg4 Ne5 11.Bxe6 fxe6 12.Nxe6 Qd7 13.Nd5 Rc8 14.Nxf8 Kxf8 15.Nb6 Qc6
16.Nxc8 Bxc8 17.Qd2 h6 18.Bh4 g5 19.Bg3 Nf6 20.Bxe5 dxe5 21.Qd8+ Kg7 22.Qe7+ Kg6
23.Rad1 Re8 24.Rd6 Rxe7 25.Rxc6 Bb7 26.Rd6 Rc7 27.c3 b4 28.cxb4 Rc2 29.f3 Rxb2
30.Rb6 Bc8 31.Rc1 Bd7 32.Rd1 Kf7 33.Rdd6 Rb1+ 34.Kf2 Rb2+ 35.Ke1 Rxg2 36.Rxf6+ Ke7
37.Rxh6 Rxa2 38.Rh7+ Kd8 39.Rd6  1-0

[Event "Cannes op"]
[Site "Cannes"]
[Date "1990.??.??"]
[Round "9"]
[White "Naudier, S."]
[Black "Guyot, Philippe"]
[Result "1/2-1/2"]
[WhiteElo "2170"]
[BlackElo "2345"]

1.e4 c5 2.Nf3 e6 3.d4 cxd4 4.Nxd4 a6 5.Nc3 Qc7 6.Be2 Nf6 7.O-O Nc6 8.Kh1 Nxd4
9.Qxd4 Bc5 10.Qd3 b5 11.f4 h5 12.e5 Ng4 13.Qh3 Nf2+ 14.Rxf2 Bxf2 15.Qf3 Qa7
16.Ne4 Bb6 17.a4 d5 18.Nd6+ Kf8 19.axb5 a5 20.b3 g6 21.c4 Bd7 22.b4 dxc4
23.bxa5 Kg7 24.Nxc4 Bd4 25.Rb1 Rac8 26.Bd2 Qc5 27.Bb4 Qxb5 28.Bf8+ Rhxf8
29.Rxb5 Bxb5 30.Qb3 Rb8 31.h4 Rfc8 32.Qa2 Bf2 33.Nd6 Rc1+ 34.Kh2 Bxe2 35.Qxe2 Bxh4
36.a6 Rbb1 37.g3 Rh1+ 38.Kg2 Rbg1+ 39.Kf3 Rxg3+ 40.Ke4 Ra3 41.Qb5 Re1+ 42.Kd4 Bf2+
43.Kc4 Raa1 44.Qd7 Rec1+ 45.Kd3 Ra3+ 46.Ke2 Ra2+ 47.Kd3 Ra3+ 48.Ke2 Ra2+  1/2-1/2

[Event "Catania op"]
[Site "Catania"]
[Date "1990.??.??"]
[Round "?"]
[White "Aleksic, Nenad"]
[Black "Tompa, Janos"]
[Result "1/2-1/2"]
[WhiteElo "2415"]
[BlackElo "2420"]

1.e4 c5 2.Nf3 e6 3.Nc3 a6 4.d4 cxd4 5.Nxd4 Qc7 6.g3 Bb4 7.Bd2 Nf6 8.Bg2 Nc6
9.Nxc6 bxc6 10.O-O Be7 11.Na4 Rb8 12.c4 d6  1/2-1/2

[Event "JUG-chT Cetinje"]
[Site "Cetinje"]
[Date "1990.??.??"]
[Round "1"]
[White "Ilincic, Zlatko"]
[Black "Raicevic, Vladimir"]
[Result "1/2-1/2"]
[WhiteElo "2490"]
[BlackElo "2460"]

1.e4 c5 2.Nf3 e6 3.d4 cxd4 4.Nxd4 a6 5.Nc3 Qc7 6.Be2 b5 7.O-O Bb7 8.Re1 Nf6
9.Bf3 d6 10.a4 bxa4 11.e5 dxe5 12.Bxb7 Qxb7 13.Rxe5 Nbd7 14.Re1 Bb4 15.Bd2 O-O
16.Nxa4 a5  1/2-1/2